El cáncer puede ser curado : (Record no. 142978)
[ view plain ]
| 000 -LEADER | |
|---|---|
| campo de control de longitud fija | 00888nam a2200205 i 4500 |
| 001 - NÚMERO DE CONTROL | |
| campo de control | 142978 |
| 003 - IDENTIFICADOR DE NÚMERO DE CONTROL | |
| campo de control | ES-MaACL |
| 005 - FECHA Y HORA DE LA ÚLTIMA TRANSACCIÓN | |
| campo de control | 20230906200700.0 |
| 007 - CAMPO FIJO DE DESCRIPCIÓN FÍSICA--INFORMACIÓN GENERAL | |
| campo de control de longitud fija | t| |
| 008 - DATOS DE LONGITUD FIJA--INFORMACIÓN GENERAL | |
| campo de control de longitud fija | 071011s1950 sp ||||1| spa d |
| 100 1# - ENTRADA PRINCIPAL--NOMBRE DE PERSONA | |
| Nombre de persona | Vidaurreta Aparicio, José. |
| 9 (RLIN) | 114546 |
| 245 13 - MENCIÓN DEL TÍTULO | |
| Título | El cáncer puede ser curado : |
| Resto del título | estado actual de la lucha contra el cáncer : conferencia pronunciada en el Ateneo... 3 de abril de 1950 / |
| Mención de responsabilidad, etc. | José Vidaurreta Aparicio, con la colaboración de F. Navidad Palacios. |
| 260 ## - PUBLICACIÓN, DISTRIBUCIÓN, ETC. | |
| Lugar de publicación, distribución, etc. | Madrid : |
| Nombre del editor, distribuidor, etc. | Consejo General de los Colegios Oficiales de Auxiliares Sanitarios, |
| Fecha de publicación, distribución, etc. | 1950. |
| 300 ## - DESCRIPCIÓN FÍSICA | |
| Extensión | 128 p. : |
| Otras características físicas | il. ; |
| Dimensiones | 25 cm. |
| 595 ## - | |
| -- | Revista Medicina y cirugía auxiliar, abril 1950, año XI |
| 610 24 - PUNTO DE ACCESO ADICIONAL DE MATERIA--NOMBRE DE ENTIDAD CORPORATIVA | |
| Nombre de entidad corporativa o nombre de jurisdicción como elemento de entrada | Ateneo de Madrid- |
| Subdivisión de forma | Conferencias- |
| Subdivisión cronológica | 1940-1982. |
| 9 (RLIN) | 1908 |
| 650 #4 - PUNTO DE ACCESO ADICIONAL DE MATERIA--TÉRMINO DE MATERIA | |
| Término de materia o nombre geográfico como elemento de entrada | Cáncer- |
| Subdivisión general | Prevención. |
| 9 (RLIN) | 10720 |
| 700 1# - ENTRADA AGREGADA--NOMBRE PERSONAL | |
| Nombre de persona | Navidad Palacios, F. |
| 9 (RLIN) | 85231 |
| 852 4# - LOCALIZACIÓN | |
| Ubicación | ES-MaACL |
| Número de control de estantería | 1908-F-19 |
| Estatus retirado | Estado de pérdida | Estado de daño | No para préstamo | Colección | Biblioteca de origen | Biblioteca actual | Ubicación en estantería | Fecha de adquisición | Fuente de adquisición | Total de préstamos | Signatura topográfica completa | Código de barras | Visto por última vez | Precio de reemplazo | Tipo de ítem Koha |
|---|---|---|---|---|---|---|---|---|---|---|---|---|---|---|---|
| Colección de folletos | Biblioteca del Ateneo de Madrid | Biblioteca del Ateneo de Madrid | Depósito folletos | 17/01/2008 | 1908-F-19 | 1148761 | 23/02/2023 | 23/02/2023 | Folleto |
